Obálka Náhled e-knihy:
PDF Epub
Pro půjčování e-knih musíte být přihlášeni.
Jak si půjčit online?

Vášeň /

Další pokračovaní upíří série z elitní školy, která je plná upírů, vlkodlaků, čarodějů a jiných magických bytostí.

Uloženo v:
Série:Touha, část 3
Hlavní autor: Wolff, Tracy (Autor)
Další autoři: Vítková, Kristýna (Autor), Netušilová, Hana (Překladatel)
Médium: E-kniha
Jazyk:Czech
Vydáno: V Praze : Fragment, 2024
Vydání:1. vydání
Témata:
Příbuzné jednotky:Z cyklu:: Touha
Tagy:
Žádné tagy
LEADER 02884nam a2200553 i 4500
001 312510
003 CZ PrSKC
005 20260601215723.0
007 ta
008 240923s2024 xr d 000 f cze
015 |a cnb003632029 
020 |a 9788025369555  |q (brožováno) :  |c Kč 649,00 
035 |a (OCoLC)1468022318 
040 |a ABG001  |b cze  |e rda 
041 1 |a cze  |h eng 
072 7 |a 821.111(73)-3  |x Americká próza  |2 Konspekt 
072 7 |a 821-93  |x Literatura pro děti a mládež (beletrie)  |2 Konspekt 
080 |a 821.111(73)-31  |2 MRF 
080 |a 821-93-053.67  |2 MRF 
080 |a 821-93  |2 MRF 
080 |a (0:82-312.9)  |2 MRF 
100 1 |a Wolff, Tracy  |7 xx0301974  |4 aut 
240 1 0 |a Covet.  |l Česky 
245 1 0 |a Vášeň /  |c Tracy Wolffová ; přeložily Kristýna Vítková a Hana Netušilová 
250 |a 1. vydání 
264 1 |a V Praze :  |b Fragment,  |c 2024 
300 |a 691 stran ;  |c 21 cm 
336 |a text  |b txt  |2 rdacontent 
337 |a bez média  |b n  |2 rdamedia 
338 |a svazek  |b nc  |2 rdacarrier 
500 |a Přeloženo z angličtiny 
520 2 |a Další pokračovaní upíří série z elitní školy, která je plná upírů, vlkodlaků, čarodějů a jiných magických bytostí.  |b Nejspíš jsem dosáhla bodu zlomu. Jako by studium na Katmerské akademii nebylo už tak dost stresující, můj vztah se z komplikovaného změnil na hotovou katastrofu. Do toho se Krvana rozhodla, že všechny šokuje. A další rány osudu nepřestávají přicházet. Jaxon je chladnější než aljašská zima a Kruh se kvůli mé blížící se korunovaci rozštěpil. Ještě něco? No jasně - s Hudsonem nám hrozí doživotní vězení chráněné nezrušitelnou kletbou. Nadchází čas složitých rozhodnutí... a obávám se, že ne každý ho přežije. Nakladatelská anotace. 
655 7 |a americké romány  |7 fd131796  |2 czenas 
655 7 |a fantasy romány  |7 fd184199  |2 czenas 
655 7 |a literatura young adult  |7 fd1185572  |2 czenas 
655 7 |a publikace pro mládež  |7 fd133157  |2 czenas 
655 9 |a American fiction  |2 eczenas 
655 9 |a fantasy novels  |2 eczenas 
655 9 |a young adult literature  |2 eczenas 
655 9 |a juvenile literature  |2 eczenas 
700 1 |a Vítková, Kristýna  |7 xx0178725  |4 trl 
700 1 |a Netušilová, Hana  |7 xx0179908  |4 trl 
787 0 8 |i Z cyklu:  |t Touha  |g 3 
900 |a ABA001  |b 21 
928 9 |a Albatros Media - Fragment 
044 |a xr 
910 |a RBIT002 
998 |d 414280  |a https://core.palmknihy.cz/api/books/414280/cover?sk1cwl  |b https://core.palmknihy.cz/api/books/414280/cover/400?sk1cwl  |c https://core.palmknihy.cz/api/books/414280/cover/50?sk1cwl  |e 2028-10-31  |g 696  |i 9788025369555  |j https://core.palmknihy.cz/api/books/414280/preview.epub  |k https://core.palmknihy.cz/api/books/414280/preview.pdf  |l   |q 49  |r 1  |s https://www.palmknihy.cz/kniha/414280  |t ebook  |y 2024  |z 0  |v Touha  |w 3 
999 |d 312508